Circuitos Brasileiros por imagem - Statistics

Estatísticas Gerais
  • Esse quiz foi jogado 4 vezes
  • A pontuação média é 5 de 32
Estatísticas das Respostas
Imagem Resposta % Correto
Interlagos
100%
Brasilia
50%
Jacarepagua
50%
Jacarepagua
50%
Jacarepagua
50%
Londrina
50%
Belo Horizonte
25%
Brasilia
25%
Cacá Bueno (Galeão)
25%
Curitiba
25%
Curitiba
25%
Salvador
25%
Taruma
25%
Campo Grande
0%
Caruaru
0%
Cascavel
0%
Curvelo
0%
Curvelo
0%
Curvelo
0%
Fortaleza
0%
Goiania
0%
Goiania
0%
Guapore
0%
Panamericano
0%
Ribeirao Preto
0%
Ribeirao Preto
0%
Ribeirao Preto
0%
Santa Cruz do Sul
0%
Sao Paulo Street
0%
Sao Paulo Street
0%
Velocitta
0%
Velopark
0%
Nenhum quiz correspondente encontrado
Distribuição das Pontuações
Porcentagem de Pessoas com Cada Pontuação
Percentil de Números Respondidos
Sua Pontuação Histórica
Você não jogou esse quiz